Score 0/10 Timer 02:00
0 Plays Today
% Correct
Coke
99.3%
Pepsi
97.2%
Sprite
91%
Mountain Dew
79.9%
Diet Coke
77.8%
Diet Pepsi
72.2%
7up
64.6%
Cherry Coke
27.8%
Mug Root Beer
12.5%
Barqs Root Beer
12.5%
Remove Ads.
Support Sporcle.
Get the best of Sporcle when you Go Orange. This ad-free experience offers more features, more stats, and more fun while also helping to support Sporcle. Thank you for becoming a member.

You're not logged in!

Compare scores with friends on all Sporcle quizzes.
OR
Log In

Show Comments

Extras

Created Jan 21, 2013ReportNominate
Tags:soda

Top Quizzes Today


Score Distribution

Your Account Isn't Verified!

In order to create a playlist on Sporcle, you need to verify the email address you used during registration. Go to your Sporcle Settings to finish the process.

Report this User

Report this user for behavior that violates our Community Guidelines.

Details: